Sinopsis del género Aechmea (Bromeliaceae) para Colombia (Registro nro. 16267)

Detalles MARC
000 -CABECERA
Campo de control 005210000a22001690004500
090 ## - CLASIFICACIÓN LOCAL
Colección As
Consecutivo Seriadas
041 0# - IDIOMA
Código de idioma para texto/pista de sonido o título separado
100 1# - ASIENTO PRINCIPAL--NOMBRE PERSONAL
Nombre personal Aguirre Santoro, Julián
245 10 - MENCION DE TITULO
Título Sinopsis del género Aechmea (Bromeliaceae) para Colombia
650 14 - ASIENTO SECUNDARIO DE MATERIA - TERMINO TEMATICO
Término temático o nombre geográfico como elemento de entrada Especies endémicas
650 14 - ASIENTO SECUNDARIO DE MATERIA - TERMINO TEMATICO
Término temático o nombre geográfico como elemento de entrada Especies nuevas
650 14 - ASIENTO SECUNDARIO DE MATERIA - TERMINO TEMATICO
Término temático o nombre geográfico como elemento de entrada Distribución geográfica
650 14 - ASIENTO SECUNDARIO DE MATERIA - TERMINO TEMATICO
Término temático o nombre geográfico como elemento de entrada Descripción de especies
700 1# - ASIENTO SECUNDARIO - NOMBRE PERSONAL
Nombre personal Betancur, Julio
773 1# - Item fuente:
Título Caldasia
Descripción física 2
Paginas del Articulo 265-288
Lugar, editorial y fecha de publicación 2008
Información sobre la relación 30
942 ## - ELEMENTOS ADICIONALES (KOHA)
Tipo de ítem Artículo

No hay ítems disponibles.